|
|
|
|
| LEADER |
00000nab a2200000uu 4500 |
| 001 |
vtls010876795 |
| 003 |
SK-MaSNL |
| 005 |
20260303110502.0 |
| 008 |
230121|1993 xo |||||||||||||||||cze| |
| 015 |
|
|
|a SNBRB
|
| 035 |
|
|
|a (urnnbn)urn:nbn:sk:snk:ar-006arx
|
| 035 |
|
|
|a (uuid)c2a6be7d-fce2-483e-b7ee-c130dd418555
|
| 035 |
|
|
|a urn:nbn:sk:snk-ab7qcm
|
| 040 |
|
|
|a SNKBUCL
|b slo
|c SNKBUCL
|e AACR2
|
| 041 |
0 |
|
|a cze
|
| 044 |
|
|
|a xo
|c SK
|
| 100 |
1 |
|
|a Fialová, Štěpánka
|4 aut
|9 1122460
|
| 245 |
1 |
0 |
|a Jak jsme jeli na tábor
|c Štěpánka Fialová
|
| 773 |
0 |
|
|t Jazdectvo : časopis pre chov koní a jazdecký šport
|g Roč. 41, č. 10 (1993), s. 38
|
| 954 |
|
|
|a odborná, vedecká literatúra cudzojazyčná (svetová)
|2 lita
|
| 954 |
|
|
|a odborná, vedecká literatúra pôvodná (slovenská)
|2 lita
|
| 958 |
|
|
|a OND
|
| 958 |
|
|
|a EUIPO
|
| 958 |
|
|
|a article8
|
| 999 |
|
|
|c 1870521
|d 1872451
|